000 00372nam a2200145Ia 4500
005 20240821154557.0
008 240821s9999||||xx |||||||||||||| ||und||
082 _a704.948 ION
100 _aIons, Veronica
245 0 _aIndian Mythology
260 _aLondon
_bPaul Hamlyn
_c1967
300 _a139p.
650 _aArts, crafts, music, sports and recreations
942 _cBK
999 _c70804
_d70804